01347cam a2200289 i 45000010005000000030008000050050017000130080041000300200015000710350018000860400032001040410008001360820022001441000036001662450153002022600042003553000037003974900060004345040030004946500046005247000049005709420012006199990015006319520141006469520135007879520135009226764BD-RjUL20211208234317.0120114s1976 nyua b 001 0 eng d a0471465100 a(BD-RjUL)6805 aDLCcDLCdDLCdBD-RjULbeng aeng00a658.403bKED 19761 aKeeney, Ralph L.,d1944-92127310aDecisions with multiple objectives :bpreferences and value tradeoffs /cRalph L. Keeney and Howard Raiffa, with a contribution by Richard F. Meyer. aNew York :aToronto ;bWiley,cc1976. axxviii, 569 p. :bill. ;c23 cm.0 aWiley series in probability and mathematical statistics aBibliography: p. 549-560. 0aMultiple criteria decision making.9212741 aRaiffa, Howard,d1924-ejoint author.921275 2ddccBK c6764d6764 00102ddc40708NFICaRUCLbRUCLcstackd1984-10-10eToppan Tulipg41.25l0o658.403 KED 1976r2014-01-12 00:00:00tC-3w2014-01-12yBK 00102ddc40708NFICaRUCLbRUCLcStackd1980-09-29eHefferg16.60l0o658.403 KED 1976r2016-08-30 00:00:00tC-2w2016-08-30yBK 00102ddc40708NFICaRUCLbRUCLcStackd1984-04-23etuppang41.00l0o658.403 KED 1976r2016-11-08 00:00:00tC-4w2016-11-08yBK